Načítá se...

et al.

Podrobná bibliografie
Další autoři: Roxin, Emilio O (Editor)
Médium: Printed Book
Vydáno: Marcel Dekker, INC. New York 1974
Edice:Lecture Notes in Pure and Applied Mathematics, Vol.010
Témata:
LEADER 00547nam a2200169 4500
082 |a R LNP.010 
100 |a Roxin, Emilio O,   |e Editor 
245 |a  et al.  |c Emilio O Roxin  
250
260 |a Marcel Dekker, INC. New York  |c 1974 
300
490 |a Lecture Notes in Pure and Applied Mathematics, Vol.010 
650 |a Lecture Notes in Pure and Applied Mathematics 
700 |e Editor 
942 |c BK 
999 |c 201441  |d 201441 
952 |0 0  |1 0  |4 0  |6 R_LNP_010_000000000000000  |7 0  |9 214790  |a MAT  |b MAT  |l 0  |o R LNP.010  |p MAT2504  |r 2019-11-01  |w 2019-11-01  |y BK